| Tag |
First Indicator |
Second Indicator |
Subfields |
| LEADER |
00000cam a2200000 4500 |
| 001 |
in00000031527 |
| 005 |
20151007061717.0 |
| 008 |
800630r19501934nyu 00011 eng d |
| 035 |
|
|
|a (OCoLC)06472226
|
| 035 |
|
|
|9 AAD2844AM
|
| 040 |
|
|
|a TXA
|c TXA
|d UtOrBLW
|
| 049 |
|
|
|a TXAM
|c 1 [205972]
|a TXAS [sea]
|c 2
|
| 090 |
|
|
|a PS3535.O176
|b C36 1950
|
| 092 |
|
|
|a 813
|b R645c
|
| 100 |
1 |
|
|a Roberts, Kenneth Lewis,
|d 1885-1957.
|
| 245 |
1 |
0 |
|a Captain Caution :
|b a chronicle of Arundel /
|c Kenneth Roberts.
|
| 250 |
|
|
|a Last American ed.
|
| 264 |
|
1 |
|a Garden City, N.Y. :
|b Doubleday, Doran,
|c 1950.
|
| 300 |
|
|
|a 310 pages :
|b map ;
|c 20 cm.
|
| 336 |
|
|
|a text
|b txt
|2 rdacontent
|
| 337 |
|
|
|a unmediated
|b n
|2 rdamedia
|
| 338 |
|
|
|a volume
|b nc
|2 rdacarrier
|
| 500 |
|
|
|a Map on lining-papers (not in stk. copy).
|
| 651 |
|
0 |
|a United States
|x History
|y War of 1812
|v Fiction.
|
| 999 |
|
|
|a MARS
|
| 999 |
f |
f |
|s e46cdb59-2e84-3103-ba40-c4166a5f28eb
|i 7a8d9c26-8edc-3446-8f94-2992b9553d0d
|t 0
|
| 952 |
f |
f |
|p ric
|a Texas A&M University
|b Rellis Campus
|c Joint Library Facility
|s JLF
|d Remote Storage
|t 0
|e PS3535.O176 C36 1950
|h Library of Congress classification
|i unmediated -- volume
|m A14801249078
|
| 998 |
f |
f |
|a PS3535.O176 C36 1950
|t 0
|l Remote Storage
|